[Event "Championnat de France - Open C"]
[Site "Pau"]
[Date "2008.08.12"]
[Round "1.3"]
[White "Benali, Boubaker"]
[Black "Macon, Arthur"]
[Result "0-1"]
[WhiteElo "1790"]
[BlackElo "1661"]
[PlyCount "106"]

1. d4 Nf6 2. c4 e6 3. Nc3 Bb4 4. Nf3 b6 5. Bg5 h6 6. Bd2 Bb7 7. e3 Bxc3 8. Bxc3
d6 9. Bd3 Ne4 10. O-O Nxc3 11. bxc3 Nd7 12. a4 a5 13. Nd2 Nf6 14. f3 Qe7 15. e4
O-O-O 16. Qe2 e5 17. Rfb1 g5 18. d5 Rdg8 19. Kf2 g4 20. Ke1 Rg5 21. Kd1 Rhg8
22. g3 Rh5 23. Kc2 Kd8 24. Rf1 Bc8 25. f4 exf4 26. Rxf4 Qe5 27. Raf1 Rg6 28.
Nb3 Bd7 29. Qf2 Ke7 30. Kb2 Bxa4 31. Nc1 Bd7 32. Bc2 Rh3 33. Nd3 Qg5 34. Qd4
Rxh2 35. e5 dxe5 36. Nxe5 Ba4 37. Nxg6+ Qxg6 38. Qe5+ Kf8 39. R4f2 Rxf2 40.
Rxf2 Bxc2 41. Rxc2 a4 42. Re2 Qd3 43. Re3 Qd2+ 44. Ka3 Qc2 45. Qe7+ Kg7 46. Qb4
Qc1+ 47. Kxa4 Qxe3 48. d6 cxd6 49. Qxd6 Qe8+ 50. Kb4 Qf8 51. Qxf8+ Kxf8 52. Kb5
Nd7 53. Kc6 Ke7 0-1

[Event "Championnat de France - Open C"]
[Site "Pau"]
[Date "2008.08.12"]
[Round "1.4"]
[White "Pin, Thierry"]
[Black "Guilchard, Benjamin"]
[Result "0-1"]
[WhiteElo "1660"]
[BlackElo "1788"]
[PlyCount "40"]

1. Nf3 Nf6 2. d4 g6 3. c4 Bg7 4. e3 d6 5. Bd3 Nbd7 6. Nc3 O-O 7. O-O e5 8. Re1
c6 9. Bc2 Re8 10. Nd2 Nf8 11. d5 c5 12. e4 g5 13. Nf1 Ng4 14. h3 Nh6 15. g4 Ng6
16. Ne3 Nf4 17. Ng2 Nxh3+ 18. Kh2 Nxg4+ 19. Kg3 h5 20. Qe2 Nhxf2 0-1

[Event "Championnat de France - Open C"]
[Site "Pau"]
[Date "2008.08.12"]
[Round "1.5"]
[White "Jullien, Patrick"]
[Black "Richard, Celine"]
[Result "1-0"]
[WhiteElo "1786"]
[BlackElo "1660"]
[PlyCount "131"]

1. e4 e5 2. Nf3 Nc6 3. Bb5 d6 4. d4 Bd7 5. O-O Be7 6. Nc3 Nf6 7. Re1 a6 8. Bxc6
Bxc6 9. Bg5 h6 10. Bh4 Nxe4 11. Nxe4 Bxh4 12. dxe5 Bxe4 13. Rxe4 Be7 14. exd6
Qxd6 15. Qxd6 cxd6 16. Rae1 O-O 17. Rxe7 Rac8 18. c3 b5 19. Rd7 Rfd8 20. Rxd8+
Rxd8 21. Kf1 Rc8 22. a3 a5 23. Rd1 b4 24. axb4 axb4 25. Rc1 d5 26. Nd4 Kf8 27.
Ke2 Ke7 28. Kd2 bxc3+ 29. bxc3 Kf6 30. f4 g5 31. fxg5+ hxg5 32. Rf1+ Kg6 33.
Rf3 Ra8 34. Rf2 f5 35. Kd3 f4 36. g4 fxg3 37. hxg3 Kh5 38. Rf5 Ra5 39. Ne6 Ra6
40. Re5 Rc6 41. Nf4+ Kg4 42. Nxd5 Kxg3 43. Rxg5+ Kh4 44. Rg8 Kh5 45. c4 Kh6 46.
Kd4 Kh7 47. Rg1 Rc8 48. c5 Rc6 49. Kc4 Rc8 50. Kb5 Rd8 51. Nb6 Re8 52. c6 Re5+
53. Ka6 Re7 54. Rd1 Kg8 55. Rd7 Re6 56. c7 Rf6 57. c8=Q+ Rf8 58. Rd8 Rxd8 59.
Qxd8+ Kh7 60. Qg5 Kh8 61. Kb7 Kh7 62. Kc7 Kh8 63. Kd7 Kh7 64. Ke7 Kh8 65. Kf7
Kh7 66. Qg7# 1-0

[Event "Championnat de France - Open C"]
[Site "Pau"]
[Date "2008.08.12"]
[Round "1.6"]
[White "Prieur, Sylvain"]
[Black "Belhachemi, Loic"]
[Result "0-1"]
[WhiteElo "1655"]
[BlackElo "1780"]
[PlyCount "92"]

1. e4 e6 2. Qe2 Bc5 3. g3 Ne7 4. Bg2 O-O 5. Nf3 Nbc6 6. c3 f5 7. d4 fxe4 8.
Qxe4 Bd6 9. Ng5 Ng6 10. h4 Be7 11. Bf1 d5 12. Qc2 e5 13. h5 Bxg5 14. Bxg5 Qxg5
15. hxg6 h6 16. dxe5 Nxe5 17. Nd2 Bg4 18. Bg2 c6 19. f4 Qf6 20. O-O Nxg6 21.
Qb3 Rf7 22. Nf3 Re7 23. Rae1 Rae8 24. Qd1 Rxe1 25. Rxe1 Rxe1+ 26. Qxe1 Bxf3 27.
Bxf3 Qe7 28. Qd2 Qe6 29. Kg2 Ne7 30. g4 Qg6 31. f5 Nxf5 32. Bxd5+ Kh7 33. Bf3
Nh4+ 34. Kg3 Nxf3 35. Kxf3 Qf7+ 36. Qf4 Kg6 37. a4 b5 38. axb5 cxb5 39. Qxf7+
Kxf7 40. b3 a5 41. Ke3 Ke6 42. c4 bxc4 43. bxc4 Kd6 44. Kd4 a4 45. Kc3 Kc5 46.
Kd3 Kb4 0-1

[Event "Championnat de France - Open C"]
[Site "Pau"]
[Date "2008.08.12"]
[Round "1.7"]
[White "Wolfangel, Claude"]
[Black "Bole, Oscar"]
[Result "1-0"]
[WhiteElo "1780"]
[BlackElo "1650"]
[PlyCount "87"]

1. d4 d5 2. c4 c6 3. cxd5 cxd5 4. Nf3 Nf6 5. Nc3 Bf5 6. e3 e6 7. Nh4 Bg4 8. f3
Nh5 9. g3 Bf5 10. Nxf5 exf5 11. Qb3 Qd6 12. Qxd5 Qxd5 13. Nxd5 Bd6 14. Bd2 O-O
15. Bd3 g6 16. Rc1 Nc6 17. O-O Rad8 18. g4 Bxh2+ 19. Kxh2 Rxd5 20. gxh5 f4 21.
Rc5 Rfd8 22. Rxd5 Rxd5 23. hxg6 hxg6 24. Kg2 Nxd4 25. Be4 Rg5+ 26. Kf2 fxe3+
27. Bxe3 Rh5 28. Bxd4 Rh2+ 29. Ke3 b6 30. Rf2 Rh4 31. Be5 Rh5 32. Kd4 f5 33.
Bd5+ Kf8 34. Rh2 Rxh2 35. Bxh2 g5 36. Ke5 g4 37. f4 g3 38. Bxg3 a5 39. Kxf5 b5
40. Ke6 b4 41. f5 b3 42. Bd6+ Kg8 43. f6 bxa2 44. f7+ 1-0

[Event "Championnat de France - Open C"]
[Site "Pau"]
[Date "2008.08.12"]
[Round "1.8"]
[White "Lesage, Sandy"]
[Black "Gobbetto, Jean-Claude"]
[Result "1/2-1/2"]
[WhiteElo "1650"]
[BlackElo "1779"]
[PlyCount "75"]

1. e4 d5 2. exd5 Qxd5 3. Nc3 Qa5 4. Nf3 Bg4 5. d4 Nf6 6. Qd3 Nc6 7. Be3 O-O-O
8. O-O-O e5 9. Be2 Nb4 10. Qb5 Qxb5 11. Bxb5 Bxf3 12. gxf3 c6 13. dxe5 Nfd5 14.
Nxd5 Nxd5 15. Bc4 Kc7 16. Rhg1 g6 17. Rg4 b6 18. Bxd5 cxd5 19. Rgd4 Bg7 20.
Rxd5 Rxd5 21. Rxd5 Kc6 22. Rd6+ Kc7 23. f4 Re8 24. Rd3 Re7 25. c4 f6 26. exf6
Bxf6 27. Kc2 Kc6 28. b4 Rf7 29. a3 Be7 30. Kb3 Rf5 31. h3 Bd6 32. b5+ Kc7 33.
Rd5 Rf7 34. c5 bxc5 35. Bxc5 Bxc5 36. Rxc5+ Kb6 37. Rc4 Kxb5 38. Re4 1/2-1/2

[Event "Championnat de France - Open C"]
[Site "Pau"]
[Date "2008.08.12"]
[Round "1.9"]
[White "Benmenni, Boubekeur"]
[Black "Petit, Georges"]
[Result "1-0"]
[WhiteElo "1777"]
[BlackElo "1650"]
[PlyCount "105"]

1. Nf3 Nf6 2. g3 g6 3. Bg2 Bg7 4. O-O O-O 5. c4 d6 6. d4 Nbd7 7. Nc3 c5 8. dxc5
Nxc5 9. Bg5 Nfe4 10. Nxe4 Nxe4 11. Qc2 Bf5 12. Qb3 Nc5 13. Qa3 h6 14. Be3 Be6
15. Rad1 Qb6 16. b4 Qa6 17. Qxa6 Nxa6 18. b5 Nc5 19. Nd2 Rab8 20. Rc1 a6 21.
Bxc5 dxc5 22. a4 axb5 23. axb5 b6 24. Be4 Rfd8 25. Bd3 Bh3 26. Rfe1 Kf8 27. Rc2
Ra8 28. Nf1 Ra3 29. Ne3 Bc3 30. Rec1 Bd4 31. Nd5 Rd6 32. Nf4 Bg4 33. Be4 Rb3
34. Ra2 Rf6 35. e3 Be5 36. Nd5 Rd6 37. Ra8+ Kg7 38. Nxe7 Rd1+ 39. Rxd1 Bxd1 40.
Nd5 Be2 41. Nxb6 Rc3 42. Bd5 Rc1+ 43. Kg2 g5 44. Ra7 Bh5 45. Nd7 Bd6 46. Ra6
Be7 47. b6 Be2 48. b7 g4 49. h3 Bf1+ 50. Kh2 Bxh3 51. b8=Q Rf1 52. Qe5+ Kh7 53.
Qf5+ 1-0

[Event "Championnat de France - Open C"]
[Site "Pau"]
[Date "2008.08.13"]
[Round "2.1"]
[White "Guilchard, Benjamin"]
[Black "Gautheron, Andre"]
[Result "1-0"]
[WhiteElo "1788"]
[BlackElo "1707"]
[PlyCount "60"]

1. e4 e6 2. d4 d5 3. Nc3 dxe4 4. Nxe4 Nd7 5. Nf3 Ngf6 6. Nxf6+ Nxf6 7. Bd3 Be7
8. Bg5 Nd5 9. h4 h6 10. Bd2 c5 11. Ne5 a6 12. Qh5 Rf8 13. Bg6 Bf6 14. Bxf7+ Ke7
15. Bg6 cxd4 16. O-O-O Qc7 17. Rhe1 Nc3 18. bxc3 dxc3 19. Bf4 Qc5 20. Nc6+ Qxc6
21. Bd6+ Kd8 22. Bxf8+ Kc7 23. Rd6 Qb5 24. Qxb5 axb5 25. h5 Bd7 26. Rxd7+ Kxd7
27. Bb4 Ra4 28. a3 Ra6 29. g3 Rc6 30. Bd3 e5 1-0

[Event "Championnat de France - Open C"]
[Site "Pau"]
[Date "2008.08.13"]
[Round "2.2"]
[White "Pouillart, Cecile"]
[Black "Jullien, Patrick"]
[Result "1/2-1/2"]
[WhiteElo "1710"]
[BlackElo "1786"]
[PlyCount "49"]

1. e4 e5 2. Nf3 Nc6 3. Bc4 Bc5 4. O-O Nf6 5. d4 Bxd4 6. Nxd4 Nxd4 7. Bg5 d6 8.
f4 Be6 9. Bxe6 Nxe6 10. fxe5 Nxg5 11. exf6 gxf6 12. Nc3 c6 13. Qd4 Rg8 14. Rxf6
Rg6 15. Rxg6 hxg6 16. Rf1 Qb6 17. Qxb6 axb6 18. a3 Ke7 19. g3 Ne6 20. Rd1 Ra5
21. Kg2 Re5 22. Kf3 Ng5+ 23. Kf4 Nh3+ 24. Kf3 Ng5+ 25. Kf4 1/2-1/2

[Event "Championnat de France - Open C"]
[Site "Pau"]
[Date "2008.08.13"]
[Round "2.3"]
[White "Belhachemi, Loic"]
[Black "Lemaire, Olivier"]
[Result "1/2-1/2"]
[WhiteElo "1780"]
[BlackElo "1694"]
[PlyCount "71"]

1. e4 c5 2. Nc3 d6 3. g3 g6 4. Bg2 Bg7 5. d3 Nc6 6. Nge2 e6 7. f4 Nge7 8. O-O
O-O 9. Be3 Nd4 10. Rb1 Nec6 11. a3 Qa5 12. Qc1 Rb8 13. Kh1 b5 14. b4 cxb4 15.
axb4 Qc7 16. Qd2 a6 17. Rfc1 Bb7 18. Nxd4 Nxd4 19. Ne2 Nxe2 20. Qxe2 Rfc8 21.
Qf2 Qd7 22. Kg1 Rc7 23. c4 Rbc8 24. Bb6 Rc6 25. e5 d5 26. c5 Qe7 27. g4 Kh8 28.
g5 h5 29. d4 Qd7 30. Ba5 Re8 31. Rc3 Kh7 32. Rh3 Rh8 33. Rf3 Kg8 34. Qg3 Rc8
35. Kf2 Kf8 36. Rc1 1/2-1/2

[Event "Championnat de France - Open C"]
[Site "Pau"]
[Date "2008.08.13"]
[Round "2.4"]
[White "Vernay, Gaspard"]
[Black "Wolfangel, Claude"]
[Result "1/2-1/2"]
[WhiteElo "1710"]
[BlackElo "1780"]
[PlyCount "139"]

1. d4 d5 2. c4 e6 3. cxd5 exd5 4. Nc3 Nf6 5. Bg5 Be7 6. e3 Nbd7 7. Bd3 O-O 8.
Nge2 Re8 9. O-O c5 10. Rc1 a6 11. a4 b6 12. Bb1 Bb7 13. Qc2 Nf8 14. Ba2 Rc8 15.
dxc5 bxc5 16. Qb3 Rb8 17. Bf4 Bd6 18. Qd1 Bxf4 19. Nxf4 d4 20. exd4 cxd4 21.
Nce2 d3 22. Nxd3 Be4 23. Rc3 Qe7 24. Nec1 Red8 25. Qe2 Qb7 26. f3 Bd5 27. Kh1
Ne6 28. Bxd5 Qxd5 29. Ne5 Qd2 30. Nc6 Qxe2 31. Nxe2 Nd5 32. Rd3 Nc5 33. Rxd5
Rxd5 34. Nxb8 Rd2 35. Ng3 Rxb2 36. Nc6 Nxa4 37. h3 g6 38. Ra1 Nc5 39. Ne4 Nxe4
40. fxe4 Re2 41. Rxa6 Rxe4 42. Ra7 Re1+ 43. Kh2 Rf1 44. Nd8 Rf2 45. Ra8 Kg7 46.
Kg3 Rf1 47. Ra4 Rd1 48. Nc6 Rd6 49. Ne5 Re6 50. Nf3 Re7 51. h4 h5 52. Kf4 Re2
53. g4 hxg4 54. Kxg4 Re7 55. Ra5 Rb7 56. Rg5 Kh6 57. Rc5 Rb4+ 58. Kg3 Rb7 59.
Kf4 Re7 60. Re5 Ra7 61. Ke4 Ra4+ 62. Kd5 Ra3 63. Ke4 Ra4+ 64. Nd4 f5+ 65. Ke3
f4+ 66. Kd3 Ra3+ 67. Ke4 Ra4 68. Re8 Kg7 69. Ke5 Kf7 70. Re6 1/2-1/2

[Event "Championnat de France - Open C"]
[Site "Pau"]
[Date "2008.08.13"]
[Round "2.5"]
[White "Pernoud, Claire"]
[Black "Benmenni, Boubekeur"]
[Result "1/2-1/2"]
[WhiteElo "1708"]
[BlackElo "1777"]
[PlyCount "66"]

1. e4 g6 2. d4 Bg7 3. Nf3 d6 4. Be2 Nf6 5. Nc3 c6 6. O-O O-O 7. Be3 Ng4 8. Bf4
e5 9. dxe5 dxe5 10. Bg3 Qe7 11. h3 Nh6 12. Qd2 Rd8 13. Qe3 f6 14. Rad1 Nf7 15.
Rxd8+ Nxd8 16. Rd1 Be6 17. Nd2 Nf7 18. Nc4 Nd7 19. f4 b5 20. Nd2 Qb4 21. Nb3
Bf8 22. Kh2 Bh6 23. Qf3 Qe7 24. f5 gxf5 25. exf5 Bxb3 26. cxb3 Rc8 27. Ne4 Nb6
28. Bh4 Nd5 29. Bxb5 Bf4+ 30. g3 cxb5 31. gxf4 Rc2+ 32. Rd2 Rxd2+ 33. Nxd2 Nxf4
1/2-1/2

[Event "Championnat de France - Open C"]
[Site "Pau"]
[Date "2008.08.13"]
[Round "2.6"]
[White "Citterio, Jean-Claude"]
[Black "Scherrer, Gilles"]
[Result "0-1"]
[WhiteElo "1776"]
[BlackElo "1692"]
[PlyCount "86"]

1. e4 e6 2. d4 d5 3. Nc3 Nf6 4. Bg5 Be7 5. e5 Nfd7 6. Bxe7 Qxe7 7. f4 a6 8. Nf3
c5 9. Qd2 Nc6 10. Be2 b5 11. a3 Bb7 12. O-O O-O 13. Rae1 cxd4 14. Nxd4 Qc5 15.
Rd1 Rac8 16. Kh1 Nxd4 17. Qxd4 Qxd4 18. Rxd4 Nb6 19. Bd3 Nc4 20. Bxc4 bxc4 21.
Kg1 Rc7 22. Nd1 Rb8 23. c3 Bc6 24. Rf2 Ba4 25. Ne3 Rd7 26. Nxc4 dxc4 27. Rxd7
Bxd7 28. Rd2 Bb5 29. Kf2 Kf8 30. Ke3 Ke7 31. g3 f6 32. exf6+ gxf6 33. Kf2 Rd8
34. Rxd8 Kxd8 35. Ke3 Kd7 36. Kd4 Kd6 37. Ke4 e5 38. fxe5+ fxe5 39. g4 Bc6+ 40.
Ke3 Ke6 41. h4 Be8 42. Kd2 h5 43. gxh5 Bxh5 0-1

[Event "Championnat de France - Open C"]
[Site "Pau"]
[Date "2008.08.13"]
[Round "2.7"]
[White "Kouatly, Sami"]
[Black "Copin, Valentin"]
[Result "1-0"]
[WhiteElo "1707"]
[BlackElo "1775"]
[PlyCount "81"]

1. e4 e5 2. Nf3 Nc6 3. Bb5 a6 4. Bxc6 dxc6 5. Nc3 Bg4 6. h3 Bxf3 7. Qxf3 Nf6 8.
O-O Be7 9. d3 O-O 10. Qg3 Qd6 11. f4 Nh5 12. Qg4 Nxf4 13. Bxf4 exf4 14. Qxf4
Bf6 15. Qxd6 cxd6 16. Rad1 Bxc3 17. bxc3 f6 18. c4 Rfd8 19. Rb1 Rab8 20. Rb6 d5
21. cxd5 cxd5 22. exd5 Rxd5 23. Rfb1 Ra5 24. R1b2 f5 25. c4 Ra3 26. c5 Rc8 27.
d4 Ra4 28. Rxb7 Rxd4 29. Rc2 Rc6 30. Rb6 Rxb6 31. cxb6 Rb4 32. Rc8+ Kf7 33.
Rc7+ Kg6 34. b7 Rb2 35. Rc6+ Kg5 36. h4+ Kxh4 37. Rc7 g5 38. Rxh7+ Kg3 39. Rh3+
Kg4 40. Rb3 Rxa2 41. b8=Q 1-0

[Event "Championnat de France - Open C"]
[Site "Pau"]
[Date "2008.08.13"]
[Round "2.8"]
[White "Robion, Jean-Claude"]
[Black "Bonas, Jean-Marie"]
[Result "1-0"]
[WhiteElo "1773"]
[BlackElo "1689"]
[PlyCount "56"]

1. e4 c6 2. d4 d5 3. Nc3 dxe4 4. Nxe4 Nd7 5. Bc4 e6 6. Nf3 h6 7. Bf4 Nb6 8. Bb3
Nf6 9. Nxf6+ gxf6 10. Qd2 Nd5 11. O-O-O a5 12. Bxd5 Qxd5 13. Kb1 b5 14. Rhe1
Bb4 15. c3 Bxc3 16. Qxc3 Bd7 17. Qc5 a4 18. Qxd5 cxd5 19. Rc1 Ke7 20. Rc7 b4
21. Rec1 b3 22. a3 h5 23. Rb7 Rhc8 24. Rcc7 Rxc7 25. Rxc7 Rg8 26. g3 f5 27. Ne5
h4 28. Rxd7+ Kf6 1-0

[Event "Championnat de France - Open C"]
[Site "Pau"]
[Date "2008.08.13"]
[Round "2.9"]
[White "Desmas, William"]
[Black "Richard, Peter"]
[Result "0-1"]
[WhiteElo "1704"]
[BlackElo "1772"]
[PlyCount "74"]

1. e4 g6 2. d4 Bg7 3. c3 c6 4. Nf3 d5 5. e5 Nh6 6. Bxh6 Bxh6 7. Bd3 O-O 8. O-O
e6 9. Na3 Nd7 10. Nc2 f6 11. Qe2 fxe5 12. dxe5 a6 13. Ne3 Qc7 14. Ng4 Bg7 15.
Qe3 c5 16. Qg5 Kh8 17. Bxg6 Rxf3 18. Bxh7 Nxe5 19. Nxe5 Qxe5 20. Qxe5 Bxe5 21.
gxf3 Kxh7 22. Rae1 Bf4 23. Kh1 e5 24. Rg1 Bh3 25. Re2 Rf8 26. Rd1 d4 27. cxd4
cxd4 28. Rc2 Bg5 29. Rc7+ Kh6 30. Rxb7 Rxf3 31. Rb6+ Kh5 32. Kg1 Bh4 33. Rd2 e4
34. Rxa6 e3 35. Ra5+ Bg5 36. Rxg5+ Kxg5 37. Re2 d3 0-1

[Event "Championnat de France - Open C"]
[Site "Pau"]
[Date "2008.08.13"]
[Round "2.10"]
[White "Le Deuff, Frederic"]
[Black "Aubert, Lucas"]
[Result "0-1"]
[WhiteElo "1770"]
[BlackElo "1680"]
[PlyCount "60"]

1. e4 e6 2. d4 d5 3. c4 dxe4 4. Nc3 Nf6 5. f3 Nbd7 6. Be3 b6 7. fxe4 Bb4 8. Bd3
Bb7 9. Qc2 Ng4 10. Bf2 Nxf2 11. Qxf2 Nf6 12. d5 exd5 13. cxd5 O-O 14. Nge2 Re8
15. O-O-O c6 16. dxc6 Bxc6 17. e5 Nd5 18. Rhf1 Qg5+ 19. Kb1 Ne3 20. Qxf7+ Kh8
21. Ne4 Bxe4 22. Bxe4 Nxf1 23. Bxa8 Rf8 24. Qxa7 Nd2+ 25. Ka1 Qxe5 26. Qa6 b5
27. Ng3 Nc4 28. Rb1 Ba3 29. Qxa3 Nxa3 30. Be4 Qxe4 0-1

[Event "Championnat de France - Open C"]
[Site "Pau"]
[Date "2008.08.14"]
[Round "3.1"]
[White "Teyssier, Jean-Paul"]
[Black "Guilchard, Benjamin"]
[Result "1-0"]
[WhiteElo "1725"]
[BlackElo "1788"]
[PlyCount "39"]

1. e4 c5 2. Nf3 d6 3. d3 g6 4. c3 Bg7 5. Be2 Nc6 6. Na3 Nf6 7. h3 Bd7 8. Bf4 b5
9. Nc2 Qb6 10. Bd2 a5 11. a3 a4 12. Be3 h5 13. Ng5 e5 14. d4 Nh7 15. dxe5 dxe5
16. Nxf7 O-O 17. Nd6 Nd8 18. Qd5+ Ne6 19. Bxb5 Bxb5 20. Qxe6+ 1-0

[Event "Championnat de France - Open C"]
[Site "Pau"]
[Date "2008.08.14"]
[Round "3.2"]
[White "Dubertrand, Bernard"]
[Black "Robion, Jean-Claude"]
[Result "0-1"]
[WhiteElo "1721"]
[BlackElo "1773"]
[PlyCount "50"]

1. e4 e5 2. Nf3 Nc6 3. Bc4 Nf6 4. Ng5 d5 5. exd5 Nd4 6. c3 b5 7. cxd4 bxc4 8.
dxe5 Nxd5 9. Qa4+ Bd7 10. Qxc4 Qxg5 11. Qxd5 Rd8 12. O-O Qg6 13. Qf3 h5 14. Nc3
Bg4 15. Qe4 Bf5 16. Qf4 Rd3 17. Re1 Bc5 18. Ne4 Bb6 19. Ng5 h4 20. Nf3 Bh3 21.
Qg5 Bxf2+ 22. Kxf2 Rxf3+ 23. Kxf3 Qxg5 24. gxh3 Qf5+ 25. Kg2 Rh6 0-1

[Event "Championnat de France - Open C"]
[Site "Pau"]
[Date "2008.08.14"]
[Round "3.3"]
[White "Richard, Peter"]
[Black "Afraoui, Solenn"]
[Result "0-1"]
[WhiteElo "1772"]
[BlackElo "1710"]
[PlyCount "54"]

1. e4 c5 2. Nc3 d6 3. f4 Nf6 4. d3 Nc6 5. Nf3 e6 6. g3 Be7 7. Bg2 a6 8. O-O O-O
9. Be3 Ng4 10. Bd2 f5 11. h3 Nf6 12. Qe2 Qe8 13. exf5 exf5 14. Rae1 Nh5 15. Qf2
Qg6 16. Kh2 Be6 17. Ng5 Bxg5 18. fxg5 Rae8 19. Nd5 Ne5 20. g4 Qf7 21. gxh5 Bxd5
22. Qxf5 Qxf5 23. Bxd5+ Kh8 24. Rxf5 Rxf5 25. Re2 Ng4+ 26. hxg4 Rxe2+ 27. Kg3
Rxd5 0-1

[Event "Championnat de France - Open C"]
[Site "Pau"]
[Date "2008.08.14"]
[Round "3.4"]
[White "Tarayre, Pascal"]
[Black "Kouatly, Sami"]
[Result "0-1"]
[WhiteElo "1763"]
[BlackElo "1707"]
[PlyCount "146"]

1. e4 c5 2. Nf3 e6 3. d4 cxd4 4. Nxd4 Nf6 5. Nc3 Nc6 6. g3 d5 7. exd5 Nxd5 8.
Nxc6 bxc6 9. Bg2 Ba6 10. Qd4 Qd7 11. Qa4 Nxc3 12. bxc3 Bb5 13. Qd4 Qxd4 14.
cxd4 Rd8 15. c3 c5 16. a4 Bc4 17. Bc6+ Ke7 18. Ba3 Kf6 19. Bb5 Bxb5 20. axb5
cxd4 21. cxd4 Bxa3 22. Rxa3 Rxd4 23. Rxa7 Rb4 24. O-O Rxb5 25. Rc1 Kg6 26. Rcc7
Rf5 27. Ra2 h5 28. h4 Rf6 29. f4 Rf5 30. Kg2 e5 31. fxe5 Rxe5 32. Rc3 Kh6 33.
Rd3 g5 34. hxg5+ Rxg5 35. Kh3 Re8 36. Rf2 Kg6 37. Rc2 Re1 38. Kg2 h4 39. Kf2
hxg3+ 40. Kxe1 g2 41. Rxg2 Rxg2 42. Kf1 Ra2 43. Rg3+ Kf6 44. Rf3+ Ke6 45. Re3+
Kd5 46. Rf3 Ra7 47. Kg2 Ke4 48. Rf6 Ke5 49. Rb6 f5 50. Rb3 Ra4 51. Kf3 Rh4 52.
Kg3 Rc4 53. Kf3 Kf6 54. Rb6+ Kg5 55. Rb7 Rc3+ 56. Kf2 Kg4 57. Rg7+ Kf4 58. Rh7
Rc2+ 59. Ke1 Kg3 60. Rg7+ Kf3 61. Rh7 f4 62. Rf7 Re2+ 63. Kf1 Rh2 64. Kg1 Ra2
65. Rh7 Ra4 66. Rf7 Ra3 67. Rh7 Ke2 68. Rh2+ Ke3 69. Rh3+ f3 70. Kh2 Ke2 71.
Rh7 f2 72. Re7+ Re3 73. Ra7 f1=Q 0-1

[Event "Championnat de France - Open C"]
[Site "Pau"]
[Date "2008.08.14"]
[Round "3.6"]
[White "Scherrer, Gilles"]
[Black "Graciette, Paul"]
[Result "0-1"]
[WhiteElo "1692"]
[BlackElo "1760"]
[PlyCount "60"]

1. c4 e6 2. Nc3 c6 3. g3 d5 4. cxd5 exd5 5. d4 f5 6. Bg2 Nf6 7. Bg5 Bd6 8. e3
O-O 9. Nge2 h6 10. Bxf6 Qxf6 11. O-O g5 12. f4 Qe6 13. Qd2 g4 14. Rfe1 h5 15.
Nc1 h4 16. Nd3 Nd7 17. Ne5 hxg3 18. hxg3 Bxe5 19. dxe5 Kg7 20. Kf2 Nb6 21. b3
Bd7 22. a4 Rad8 23. a5 Na8 24. b4 Rh8 25. a6 b6 26. b5 cxb5 27. Bxd5 Rh2+ 28.
Bg2 Rxg2+ 29. Kxg2 Bc6+ 30. Nd5 Rxd5 0-1

[Event "Championnat de France - Open C"]
[Site "Pau"]
[Date "2008.08.14"]
[Round "3.7"]
[White "Vyvyan, Philippe"]
[Black "Ameri, Vincent"]
[Result "1-0"]
[WhiteElo "1756"]
[BlackElo "1668"]
[PlyCount "75"]

1. e4 e5 2. Nf3 Nc6 3. d4 exd4 4. Nxd4 Nf6 5. Nxc6 bxc6 6. Bd3 Be7 7. b3 d5 8.
e5 Ne4 9. O-O Be6 10. Bb2 Qd7 11. Bxe4 dxe4 12. Qe2 Rd8 13. Nc3 O-O 14. Rad1
Qc8 15. Nxe4 Qb8 16. Qh5 Qb4 17. c4 Bxc4 18. Bc3 Rxd1 19. Rxd1 Qa3 20. bxc4
Qxa2 21. Nf6+ gxf6 22. exf6 Qc2 23. Qg5+ Qg6 24. Qxg6+ fxg6 25. fxe7 Re8 26.
Bb4 Kf7 27. Rd7 a5 28. Bxa5 Rxe7 29. Rxe7+ Kxe7 30. Bxc7 c5 31. Kf1 Kd7 32. Be5
Ke6 33. Bc3 Kf5 34. Ke2 h5 35. Ke3 g5 36. h3 h4 37. Ba5 g4 38. hxg4+ 1-0

[Event "Championnat de France - Open C"]
[Site "Pau"]
[Date "2008.08.14"]
[Round "3.8"]
[White "Desmoulieres, Axelle"]
[Black "Macon, Arthur"]
[Result "1/2-1/2"]
[WhiteElo "1750"]
[BlackElo "1661"]
[PlyCount "137"]

1. e4 e6 2. d4 d5 3. exd5 exd5 4. Bd3 Bd6 5. Ne2 Nf6 6. O-O O-O 7. Nd2 Nc6 8.
c3 Re8 9. Qc2 Bg4 10. f3 Bh5 11. Nb3 Bg6 12. Nf4 Bxd3 13. Nxd3 Ne7 14. Bg5 Ng6
15. Nbc5 Rb8 16. Qf2 h6 17. Bxf6 gxf6 18. Rae1 Be7 19. f4 Kh7 20. f5 Nf8 21.
Re3 Nd7 22. Rh3 Bf8 23. Qf3 c6 24. Qh5 Re7 25. Rf4 Bg7 26. Rfh4 Qf8 27. Ne6
fxe6 28. Qg6+ Kh8 29. Rxh6+ Bxh6 30. Rxh6+ Qxh6 31. Qxh6+ Rh7 32. Qf4 exf5 33.
Qxf5 Re8 34. Nc5 Nxc5 35. Qxf6+ Rg7 36. Qh6+ Rh7 37. Qf6+ Rg7 38. dxc5 Re1+ 39.
Kf2 Ree7 40. Qf8+ Kh7 41. Qf5+ Kg8 42. Qc8+ Kh7 43. Qf5+ Kh6 44. Qf6+ Kh5 45.
Qf5+ Rg5 46. Qf6 Rge5 47. h3 Re2+ 48. Kg1 Re1+ 49. Kh2 R1e2 50. Qf3+ Kg6 51.
Qg4+ Kf7 52. Qh5+ Kg7 53. Qg4+ Kf8 54. Qc8+ Kg7 55. Qg4+ Kf6 56. Qf4+ Ke6 57.
Qg4+ Kf7 58. Qh5+ Kf8 59. Qf5+ Rf7 60. Qc8+ Re8 61. Qg4 Re4 62. Qg6 Rg7 63.
Qd6+ Kg8 64. Qf6 Ree7 65. Qf5 Ref7 66. Qe6 Kh7 67. Qe2 Rg6 68. Qh5+ Kg7 69.
Qe5+ 1/2-1/2

[Event "Championnat de France - Open C"]
[Site "Pau"]
[Date "2008.08.14"]
[Round "3.9"]
[White "Aubert, Lucas"]
[Black "Imbert, Gerard"]
[Result "1-0"]
[WhiteElo "1680"]
[BlackElo "1744"]
[PlyCount "123"]

1. d4 Nf6 2. Nf3 d5 3. Bf4 e6 4. c4 Be7 5. Nc3 O-O 6. Rc1 c6 7. e3 a6 8. h3 Bd6
9. Ne5 Bc7 10. Be2 Nbd7 11. Nxd7 Bxd7 12. Bxc7 Qxc7 13. cxd5 exd5 14. O-O Qd6
15. Qb3 b5 16. Rfe1 Rfe8 17. Bd3 Ne4 18. Qc2 Nxc3 19. Qxc3 g6 20. Qc5 Qxc5 21.
Rxc5 Rac8 22. b3 f5 23. a4 Kf8 24. f3 Be6 25. axb5 axb5 26. b4 Bd7 27. e4 fxe4
28. fxe4 dxe4 29. Rxe4 Rxe4 30. Bxe4 Ke7 31. Kf2 Rf8+ 32. Ke3 Kd6 33. d5 cxd5
34. Rxd5+ Ke6 35. Kd4 Rc8 36. Bd3 Rb8 37. g4 Bc6 38. Re5+ Kd6 39. Be4 Bxe4 40.
Kxe4 Rb7 41. Rd5+ Kc6 42. Kd4 Rf7 43. Rc5+ Kb6 44. Ke4 Rd7 45. Rd5 Re7+ 46. Re5
Rc7 47. Re6+ Kb7 48. Kd5 Rc4 49. Re7+ Kb6 50. Rxh7 Rxb4 51. Rh6 Rb1 52. Rxg6+
Ka5 53. Rg8 Rh1 54. Kc5 Rc1+ 55. Kd4 Rh1 56. Rh8 Ka4 57. g5 b4 58. g6 Rg1 59.
Rg8 b3 60. g7 b2 61. Ra8+ Kb3 62. g8=Q+ 1-0

[Event "Championnat de France - Open C"]
[Site "Pau"]
[Date "2008.08.14"]
[Round "3.10"]
[White "Bekhouche, Marion"]
[Black "Caron, Maxence"]
[Result "1/2-1/2"]
[WhiteElo "1669"]
[BlackElo "1740"]
[PlyCount "56"]

1. d4 d6 2. c4 Nf6 3. Nc3 g6 4. e4 e5 5. d5 Bg7 6. f3 c6 7. Be3 O-O 8. Qd2 a6
9. Bh6 Qc7 10. Bxg7 Kxg7 11. Bd3 cxd5 12. Nxd5 Nxd5 13. cxd5 f5 14. Rc1 Qf7 15.
exf5 Bxf5 16. Bxf5 gxf5 17. Qg5+ Qg6 18. Nh3 a5 19. Rc7+ Rf7 20. Qxg6+ hxg6 21.
Rxf7+ Kxf7 22. Ng5+ Kf6 23. Ne6 Na6 24. a3 Nc5 25. Nxc5 dxc5 26. Ke2 Rd8 27.
Rd1 b5 28. g4 Rd6 1/2-1/2

[Event "Championnat de France - Open C"]
[Site "Pau"]
[Date "2008.08.15"]
[Round "4.1"]
[White "Robion, Jean-Claude"]
[Black "Afraoui, Solenn"]
[Result "0-1"]
[WhiteElo "1773"]
[BlackElo "1710"]
[PlyCount "62"]

1. e4 c5 2. Nf3 d6 3. d4 cxd4 4. Nxd4 Nf6 5. Nc3 a6 6. Bg5 e6 7. f4 Be7 8. Qf3
Qc7 9. O-O-O b5 10. Bd3 Bb7 11. Rhe1 Nc6 12. Nxc6 Qxc6 13. Bxf6 Bxf6 14. Nd5
Bd8 15. Qe2 O-O 16. f5 exd5 17. exd5 Qc7 18. h4 Qa5 19. Kb1 Bxd5 20. c4 bxc4
21. Bxc4 Bxc4 22. Qxc4 Rb8 23. Qe4 Bf6 24. Re2 Qb5 25. Rdd2 Rfe8 26. Qf3 Rxe2
27. Qxe2 Qxf5+ 28. Ka1 Qc5 29. Qd1 Rc8 30. Kb1 Be5 31. Re2 h6 0-1

[Event "Championnat de France - Open C"]
[Site "Pau"]
[Date "2008.08.15"]
[Round "4.2"]
[White "Graciette, Paul"]
[Black "Aubert, Lucas"]
[Result "1-0"]
[WhiteElo "1760"]
[BlackElo "1680"]
[PlyCount "35"]

1. d4 e6 2. e3 d5 3. Bd3 c5 4. c3 Nc6 5. f4 Nf6 6. Nd2 Bd6 7. Nh3 b6 8. O-O
cxd4 9. exd4 O-O 10. Qe2 Ne7 11. Nf3 Ng6 12. Ne5 Bc7 13. Rf3 Nxe5 14. fxe5 Nd7
15. Rg3 f6 16. Qh5 f5 17. Ng5 h6 18. Nxe6 1-0